• 首页
  • 本馆介绍
  • 公告通知
  • 最新文献
  • 馆藏检索
  • 电子资源
  • 读者导购
  • 参考咨询
  • 我的图书馆
  • 登录
  • 详细信息显示
  • 放入我的书架
  • 预约/预借图书
  • 作者相关作品
  • 分类相关作品
  • 丛书相关作品
  • 出版社相关作品

书目信息

  • 表格格式
  • 工作单格式
  • 卡片格式
题名:
高等师范院校遥感概论教学大纲
    
 
作者:
分册:  
出版信息: 北京   人民教育出版社  1980
页数: 4页
开本: 26cm
丛书名:
单 册:
中图分类: TP701
科图分类: 73.84
主题词: 遥感技术--yao gan ji shu--概论--教材
电子资源:
ISBN:
000 00607nam0 2200217 450
001 012006080051
005 20070618094815.67
010    @dCNY0.02
091    @a7012.0356
100    @a19950913d1980 km y0chiy0121 ea
101 0  @achi
105    @ay j 000yy
200 1  @a高等师范院校遥感概论教学大纲@Agao deng shi fan yuan xiao yao gan gai lun jiao xue da gang
210    @a北京@c人民教育出版社@d1980
215    @a4页@d26cm
300    @a供地理专业试用
606    @a遥感技术@Ayao gan ji shu@x概论@x教材
690    @aTP701@v4
692    @a73.84
801  0 @aCN@bPFT@c20070618
905    @a10447@dTP701@e26
    
    高等师范院校遥感概论教学大纲.-北京:人民教育出版社,1980
    4页;26cm
    供地理专业试用
    
    ISBN :CNY0.02
    
●
相关链接 在E读中查询图书 在五车中查询图书 在当当中查询图书 在豆瓣中查询图书


正题名:高等师范院校遥感概论教学大纲     索取号:TP701/26         预约/预借

序号 登录号 条形码 馆藏地/架位号 状态 备注
1 0652928   206529283   第二样本阅览室/ [索取号:TP701/26] 在馆    
唐山师范学院图书馆 欢迎您!
大连网信软件有限公司© 版权所有